[Event "IX American Continental Classical Championship 201"]
[Site "Hotel Pipa AtlÃ¢ntico - Praia da Pipa - Rio Grande"]
[Date "2014.10.20"]
[Round "4"]
[Board "15"]
[White "Alonso, Salvador"]
[Black "Cuellar, Diego"]
[Result "1-0"]
[WhiteElo "2505"]
[BlackElo "2302"]
[PlyCount "51"]
[EventDate "2014.10.18"]
[EventRounds "11"]
[EventCountry "BRA"]

1. e4 e5 2. Nf3 Nc6 3. Bb5 Nf6 4. d3 d6 5. O-O Be7 6. Re1 O-O 7. c3 Bd7 8. Ba4
Re8 9. Nbd2 Bf8 10. Nf1 h6 11. Ng3 a6 12. h3 b5 13. Bc2 Qc8 14. d4 Qb7 15. Nh4
Rad8 16. Nhf5 Ne7 17. Qf3 Nxf5 18. Nxf5 Bxf5 19. Qxf5 Nd7 20. Bb3 Re7 21. Re3
exd4 22. cxd4 Nb6 23. Rg3 Qxe4 24. Bxf7+ Kh8 25. Qh5 d5 26. Bg5 1-0

[Event "IX American Continental Classical Championship 201"]
[Site "Hotel Pipa AtlÃ¢ntico - Praia da Pipa - Rio Grande"]
[Date "2014.10.20"]
[Round "4"]
[Board "16"]
[White "Martinez Alcantara, Jose Eduar"]
[Black "Llorens Sepulveda, Marcelo"]
[Result "1-0"]
[WhiteElo "2440"]
[BlackElo "2275"]
[PlyCount "75"]
[EventDate "2014.10.18"]
[EventRounds "11"]
[EventCountry "BRA"]

1. c4 e5 2. g3 Nf6 3. Bg2 Nc6 4. Nc3 Bb4 5. Nd5 Bc5 6. Nf3 O-O 7. O-O d6 8. d3
h6 9. e3 a5 10. b3 Ba7 11. Nc3 Ne7 12. d4 exd4 13. Nxd4 Ng6 14. Ndb5 Bb8 15.
Ba3 Re8 16. Qd2 Ne5 17. f4 Nc6 18. Bb2 Bf5 19. Rae1 Ne4 20. Nxe4 Bxe4 21. Qc3
f6 22. Bxe4 Rxe4 23. Qd3 Re8 24. Kh1 Qe7 25. e4 Nb4 26. Qd2 c6 27. Nd4 Bc7 28.
Nf5 Qf7 29. a3 Na6 30. e5 dxe5 31. fxe5 Rad8 32. Qc2 Nc5 33. exf6 Rxe1 34. Rxe1
Qh5 35. Rf1 Nd3 36. Ne7+ Kf7 37. fxg7+ Kxe7 38. Bf6+ 1-0

[Event "IX American Continental Classical Championship 201"]
[Site "Hotel Pipa AtlÃ¢ntico - Praia da Pipa - Rio Grande"]
[Date "2014.10.20"]
[Round "4"]
[Board "18"]
[White "Molina, Roberto Junio Brito"]
[Black "Jodorcovsky Werjivker, Paulo"]
[Result "0-1"]
[WhiteElo "2425"]
[BlackElo "2170"]
[PlyCount "80"]
[EventDate "2014.10.18"]
[EventRounds "11"]
[EventCountry "BRA"]

1. e4 c5 2. Nf3 e6 3. d4 cxd4 4. Nxd4 a6 5. c4 Nf6 6. Nc3 Bb4 7. Bd3 Nc6 8.
Nde2 d5 9. cxd5 exd5 10. exd5 Nxd5 11. O-O Nxc3 12. Nxc3 O-O 13. Nd5 Bd6 14.
Be3 Be6 15. Nb6 Rb8 16. a3 Bc7 17. Na4 Ne5 18. Be2 Qh4 19. g3 Qh3 20. Nc3 Rbd8
21. Qa4 Ng4 22. Bxg4 Bxg4 23. Qe4 b5 24. Rfe1 Qh5 25. Bc5 Bf3 26. Qe3 Bd6 27.
Bxd6 Rxd6 28. h4 h6 29. Qf4 Rf6 30. Qd4 Qf5 31. Kh2 Rc8 32. Rac1 Bb7 33. f4 Rg6
34. Re3 Rf8 35. Rce1 Bc8 36. Qd3 Qh3+ 37. Kg1 Bf5 38. Qd2 Rxg3+ 39. Rxg3 Qxg3+
40. Kh1 Bg4 0-1

[Event "IX American Continental Classical Championship 201"]
[Site "Hotel Pipa AtlÃ¢ntico - Praia da Pipa - Rio Grande"]
[Date "2014.10.20"]
[Round "4"]
[Board "19"]
[White "Leiva, Giuseppe"]
[Black "Markzon, Gregory"]
[Result "1-0"]
[WhiteElo "2409"]
[BlackElo "2160"]
[PlyCount "73"]
[EventDate "2014.10.18"]
[EventRounds "11"]
[EventCountry "BRA"]

1. d4 Nf6 2. Nf3 g6 3. c4 Bg7 4. g3 O-O 5. Bg2 d6 6. O-O Nbd7 7. Nc3 e5 8. e4
c6 9. h3 exd4 10. Nxd4 Nc5 11. Be3 Re8 12. Qc2 a5 13. b3 Qe7 14. Rfe1 Nfd7 15.
Rad1 Nf8 16. Qd2 a4 17. b4 Nce6 18. Nde2 Nd7 19. a3 Ne5 20. Qa2 f6 21. f4 Nf7
22. Qc2 Bd7 23. Bc1 c5 24. b5 Qd8 25. Bb2 Nc7 26. Nxa4 Ne6 27. Nac3 Nd4 28.
Nxd4 cxd4 29. Ne2 f5 30. Nxd4 fxe4 31. Bxe4 Rc8 32. Bxb7 Rxe1+ 33. Rxe1 Rc5 34.
Bd5 Qc8 35. Nc6 Bxc6 36. bxc6 Bxb2 37. Qxb2 1-0

[Event "IX American Continental Classical Championship 201"]
[Site "Hotel Pipa AtlÃ¢ntico - Praia da Pipa - Rio Grande"]
[Date "2014.10.20"]
[Round "4"]
[Board "20"]
[White "Roselli Mailhe, Bernardo"]
[Black "Cortes Orihuela, Javier"]
[Result "1-0"]
[WhiteElo "2404"]
[BlackElo "2156"]
[PlyCount "97"]
[EventDate "2014.10.18"]
[EventRounds "11"]
[EventCountry "BRA"]

1. d4 Nf6 2. Nf3 g6 3. Nc3 d5 4. Bf4 Bg7 5. e3 O-O 6. Be2 c5 7. O-O Ne4 8. Nxe4
dxe4 9. Ne5 Nd7 10. Nxd7 Bxd7 11. c3 cxd4 12. cxd4 Bc6 13. Bc4 e6 14. Qb3 Qd7
15. Rfc1 Rfc8 16. a4 Bd5 17. Bxd5 Qxd5 18. Qxd5 exd5 19. Bc7 Kf8 20. Ra3 Ke8
21. Rb3 b6 22. Rb5 Rab8 23. Rc3 Rb7 24. Bf4 Rxc3 25. bxc3 Rd7 26. f3 f5 27. a5
bxa5 28. Rxa5 Bf6 29. Rb5 Bd8 30. Rb8 Kf7 31. fxe4 fxe4 32. Kf2 Ba5 33. Rc8 Rd8
34. Rc6 Bb6 35. Kg3 Rd7 36. Be5 Bd8 37. c4 dxc4 38. Kf4 Rb7 39. Rxc4 Rb2 40.
Kxe4 Rxg2 41. Rc8 Ke7 42. Rb8 a5 43. Rb7+ Ke8 44. Kd5 Rf2 45. Ke6 a4 46. Rxh7
a3 47. Rh8+ Rf8 48. Rxf8+ Kxf8 49. Bd6+ 1-0

[Event "IX American Continental Classical Championship 201"]
[Site "Hotel Pipa AtlÃ¢ntico - Praia da Pipa - Rio Grande"]
[Date "2014.10.20"]
[Round "4"]
[Board "21"]
[White "Santiago, Yago De Moura"]
[Black "Zallio, Luciano De Souza"]
[Result "1-0"]
[WhiteElo "2397"]
[BlackElo "2150"]
[PlyCount "53"]
[EventDate "2014.10.18"]
[EventRounds "11"]
[EventCountry "BRA"]

1. e4 e6 2. d4 d5 3. Nc3 Bb4 4. e5 c5 5. a3 Bxc3+ 6. bxc3 Qc7 7. Nf3 Nc6 8. a4
f6 9. exf6 Nxf6 10. Bb5 O-O 11. O-O Ne4 12. Qe1 c4 13. Bxc6 Qxc6 14. Ne5 Qc7
15. f3 Nf6 16. Ba3 Re8 17. Qh4 Nd7 18. Rfe1 Nxe5 19. Rxe5 Qd8 20. Qg3 Bd7 21.
Rg5 Qf6 22. Bd6 g6 23. Be5 Qf7 24. h4 Kf8 25. h5 Ke7 26. hxg6 hxg6 27. Qh4 1-0

[Event "IX American Continental Classical Championship 201"]
[Site "Hotel Pipa AtlÃ¢ntico - Praia da Pipa - Rio Grande"]
[Date "2014.10.20"]
[Round "4"]
[Board "22"]
[White "Ibar, Marcelo"]
[Black "Ruiz C, Joshua D"]
[Result "0-1"]
[WhiteElo "2155"]
[BlackElo "2396"]
[PlyCount "120"]
[EventDate "2014.10.18"]
[EventRounds "11"]
[EventCountry "BRA"]

1. d4 Nf6 2. Nf3 e6 3. g3 b5 4. Bg2 Bb7 5. O-O Be7 6. b3 O-O 7. Bb2 b4 8. c4 d6
9. Nbd2 Nbd7 10. Qc2 c5 11. dxc5 Nxc5 12. Rad1 Qb6 13. Rfe1 a5 14. e4 e5 15.
Re2 a4 16. Ne1 axb3 17. axb3 Ra2 18. h3 Rfa8 19. Kh2 Bc6 20. f3 Nfd7 21. Nf1
Ne6 22. Qd3 Ndc5 23. Qe3 Bg5 24. Qf2 Qb8 25. h4 Bd8 26. f4 Nxb3 27. fxe5 dxe5
28. Bh3 Bb6 29. Ne3 Qa7 30. Bxe6 fxe6 31. N1g2 Nd4 32. Bxd4 exd4 33. Ng4 Bxe4
34. Rxa2 Qxa2 35. Rd2 Qxc4 36. Ne5 Qc7 37. Qf4 Bd5 38. Qg5 h6 39. Qh5 Rf8 40.
Nf4 Qd8 41. Neg6 Rf5 42. Qg4 Kh7 43. Nxd5 Rxd5 44. Qxe6 Rd6 45. Qe4 Qf6 46. h5
Qg5 47. Nf4+ Kh8 48. Qe8+ Kh7 49. Qe4+ Kh8 50. Rf2 Kg8 51. Qe8+ Kh7 52. Qe4+
Kg8 53. Ra2 Qb5 54. Ra8+ Bd8 55. Ne6 Qxh5+ 56. Kg2 Qe8 57. Qg4 Rxe6 58. Rxd8
Qxd8 59. Qxe6+ Kh8 60. Qc4 d3 0-1

[Event "IX American Continental Classical Championship 201"]
[Site "Hotel Pipa AtlÃ¢ntico - Praia da Pipa - Rio Grande"]
[Date "2014.10.20"]
[Round "4"]
[Board "23"]
[White "Palacio, Igor Da Paz"]
[Black "Quintiliano Pinto, Renato R."]
[Result "0-1"]
[WhiteElo "2130"]
[BlackElo "2378"]
[PlyCount "76"]
[EventDate "2014.10.18"]
[EventRounds "11"]
[EventCountry "BRA"]

1. e4 c5 2. Nc3 Nc6 3. g3 g6 4. Bg2 Bg7 5. d3 Rb8 6. a4 a6 7. Be3 d6 8. Qd2 b5
9. axb5 axb5 10. Nge2 b4 11. Nd1 Nd4 12. Nc1 Bg4 13. f4 Nf3+ 14. Bxf3 Bxf3 15.
O-O Bxd1 16. Qxd1 Bxb2 17. Rb1 Bg7 18. Nb3 Nf6 19. Qf3 O-O 20. g4 Nd7 21. Kh1
Qc8 22. Qe2 e6 23. f5 exf5 24. gxf5 Re8 25. fxg6 hxg6 26. Bf4 Ne5 27. Bxe5 Rxe5
28. Na5 d5 29. Qf3 Qc7 30. c3 dxe4 31. dxe4 Rh5 32. Rf2 Qxa5 33. Qxf7+ Kh7 34.
Ra2 Qd8 35. Ra7 Qg8 36. Qc7 Ra8 37. cxb4 Rxa7 38. Qxa7 Qc4 0-1

[Event "IX American Continental Classical Championship 201"]
[Site "Hotel Pipa AtlÃ¢ntico - Praia da Pipa - Rio Grande"]
[Date "2014.10.20"]
[Round "4"]
[Board "24"]
[White "Castro, Oscar H."]
[Black "Caceres Vasquez, Sergio"]
[Result "1-0"]
[WhiteElo "2359"]
[BlackElo "2138"]
[PlyCount "85"]
[EventDate "2014.10.18"]
[EventRounds "11"]
[EventCountry "BRA"]

1. d4 Nf6 2. Bg5 d5 3. Bxf6 exf6 4. c4 dxc4 5. e3 c5 6. Bxc4 cxd4 7. Qxd4 Qxd4
8. exd4 Bb4+ 9. Nc3 O-O 10. Nge2 Nc6 11. O-O Bd7 12. a3 Be7 13. Rfd1 Rfd8 14.
Rac1 Bf8 15. Ne4 Na5 16. Ba2 Ba4 17. Rd3 Bb5 18. Re3 Bxe2 19. Rxe2 Rxd4 20. g3
Rad8 21. Kg2 Nc6 22. Rc3 h6 23. b4 Rd3 24. Rec2 Rxc3 25. Rxc3 a6 26. h4 f5 27.
Nc5 Bxc5 28. Rxc5 g6 29. Bd5 Rd6 30. Bxc6 Rxc6 31. Rxc6 bxc6 32. Kf3 g5 33.
hxg5 hxg5 34. Ke3 Kg7 35. Kd4 g4 36. Kc5 f4 37. gxf4 Kf6 38. Kxc6 Kf5 39. a4
Kxf4 40. b5 axb5 41. axb5 Kf3 42. b6 Kxf2 43. b7 1-0

[Event "IX American Continental Classical Championship 201"]
[Site "Hotel Pipa AtlÃ¢ntico - Praia da Pipa - Rio Grande"]
[Date "2014.10.20"]
[Round "4"]
[Board "25"]
[White "Santos, Anderson Guerra Dos"]
[Black "Umetsubo, Cesar Hidemitsu"]
[Result "0-1"]
[WhiteElo "2119"]
[BlackElo "2355"]
[PlyCount "144"]
[EventDate "2014.10.18"]
[EventRounds "11"]
[EventCountry "BRA"]

1. e4 c6 2. d4 d5 3. Nd2 dxe4 4. Nxe4 Bf5 5. Ng3 Bg6 6. h4 h6 7. Nf3 Nd7 8. Bd3
Bxd3 9. Qxd3 Ngf6 10. Bd2 e6 11. O-O-O Be7 12. Ne4 Nxe4 13. Qxe4 Nf6 14. Qe2
Qd5 15. c4 Qe4 16. Rhe1 Qxe2 17. Rxe2 O-O 18. Ne5 Rfd8 19. Be3 Rac8 20. g4 h5
21. gxh5 Nxh5 22. Nf3 g6 23. Bg5 Kf8 24. Kb1 Rc7 25. Red2 f6 26. Bh6+ Kf7 27.
a3 Rcd7 28. Re1 Rh8 29. Be3 a6 30. Rde2 b5 31. Bd2 Ng7 32. c5 Rd5 33. Re4 Rf5
34. Rf4 Bd8 35. Ree4 Bc7 36. Rxf5 exf5 37. Re1 Ne6 38. Kc2 Rd8 39. Kc3 Rd5 40.
b4 a5 41. Re2 f4 42. Kd3 Rd8 43. Re1 axb4 44. axb4 Ra8 45. Bc3 Ra2 46. Bd2 Ra3+
47. Bc3 Bb8 48. Kc2 Nc7 49. Kb2 Ra8 50. Nh2 Nd5 51. Bd2 Bc7 52. Nf3 Rh8 53. Kc2
Ra8 54. Kb2 Rh8 55. Kc2 Rh5 56. Kd3 g5 57. hxg5 fxg5 58. Ne5+ Bxe5 59. Rxe5 Kf6
60. Re8 Rh7 61. Rc8 Rc7 62. Rxc7 Nxc7 63. Ke4 Nd5 64. f3 Ke6 65. Be1 Nf6+ 66.
Kd3 Kd5 67. Bd2 Ng8 68. Be1 Nh6 69. Bf2 Nf5 70. Bg1 Nh4 71. Ke2 Kc4 72. Bf2 Nf5
 0-1

[Event "IX American Continental Classical Championship 201"]
[Site "Hotel Pipa AtlÃ¢ntico - Praia da Pipa - Rio Grande"]
[Date "2014.10.20"]
[Round "4"]
[Board "26"]
[White "Macedo, Maximo Iack"]
[Black "Leitao, Nicolau"]
[Result "1-0"]
[WhiteElo "2336"]
[BlackElo "2138"]
[PlyCount "99"]
[EventDate "2014.10.18"]
[EventRounds "11"]
[EventCountry "BRA"]

1. d4 Nf6 2. c4 e6 3. Nc3 Bb4 4. e3 O-O 5. Bd3 d5 6. a3 Bxc3+ 7. bxc3 c5 8.
cxd5 exd5 9. Ne2 Re8 10. O-O Nc6 11. f3 Qc7 12. Ng3 Bd7 13. Ra2 Rad8 14. Raf2
Qa5 15. Qd2 Qb6 16. Qb2 Qxb2 17. Rxb2 Bc8 18. Rd1 g6 19. Be2 cxd4 20. cxd4 h5
21. Bd3 Kg7 22. Bd2 Nh7 23. h4 Nf6 24. Rc1 Nd7 25. a4 Nf6 26. Kf2 Re7 27. Ne2
Bf5 28. Bxf5 gxf5 29. Nf4 a6 30. Rc5 Rdd7 31. Rb1 Nd8 32. Rc8 Nc6 33. Rc1 Rc7
34. Rxc7 Rxc7 35. Rc5 Rd7 36. Ke2 Kf8 37. Be1 Ke7 38. Bg3 Nd8 39. Rc8 Ne6 40.
Nd3 Rd8 41. Rc2 Rg8 42. Kf2 Rd8 43. Bh2 Rg8 44. Rb2 Rc8 45. Rxb7+ Ke8 46. Bd6
Rc6 47. Bb4 Nd7 48. Ra7 Nc7 49. Ba5 Ne6 50. Nb4 1-0

[Event "IX American Continental Classical Championship 201"]
[Site "Hotel Pipa AtlÃ¢ntico - Praia da Pipa - Rio Grande"]
[Date "2014.10.20"]
[Round "4"]
[Board "27"]
[White "Souza, Marcos Valerio A."]
[Black "Abdalla, Luiz Guilherme Aurell"]
[Result "0-1"]
[WhiteElo "2117"]
[BlackElo "2302"]
[PlyCount "70"]
[EventDate "2014.10.18"]
[EventRounds "11"]
[EventCountry "BRA"]

1. d4 Nf6 2. c4 g6 3. Nc3 d5 4. Bf4 Bg7 5. Qa4+ Bd7 6. Qb3 dxc4 7. Qxb7 Nc6 8.
O-O-O O-O 9. Nf3 Ng4 10. Bxc7 Qe8 11. Bg3 e5 12. dxe5 Be6 13. Rd6 Ncxe5 14.
Nxe5 Nxe5 15. Qb5 Bd7 16. Qd5 Bc6 17. Qd2 Qe7 18. Bxe5 Bxe5 19. Rxc6 Rfd8 20.
Qc2 Bxc3 21. Rxc4 Bd2+ 22. Kb1 Qf6 23. e3 Qxf2 24. Bd3 Qxe3 25. Be4 Rab8 26.
Rd1 Bc3 27. Rxd8+ Rxd8 28. Bd5 Bf6 29. Rc5 Qd4 30. Bb3 Rd7 31. a4 Qg1+ 32. Ka2
Qxh2 33. Qc4 Qxg2 34. Qc2 Rd2 35. Bxf7+ Kg7 0-1

[Event "IX American Continental Classical Championship 201"]
[Site "Hotel Pipa AtlÃ¢ntico - Praia da Pipa - Rio Grande"]
[Date "2014.10.20"]
[Round "4"]
[Board "28"]
[White "Acosta, Pablo Ismael"]
[Black "Souza, Rafael Cabral De"]
[Result "1-0"]
[WhiteElo "2300"]
[BlackElo "2138"]
[PlyCount "95"]
[EventDate "2014.10.18"]
[EventRounds "11"]
[EventCountry "BRA"]

1. c4 Nf6 2. g3 g6 3. Bg2 c5 4. Nc3 Bg7 5. d3 Nc6 6. Nf3 O-O 7. O-O d6 8. Rb1
a6 9. a3 Rb8 10. b4 cxb4 11. axb4 b5 12. Ba3 Bd7 13. h3 Qc8 14. h4 Bh3 15. Nd5
Bxg2 16. Kxg2 Nxd5 17. cxd5 Ne5 18. Nxe5 Bxe5 19. f4 Bg7 20. h5 Qf5 21. hxg6
fxg6 22. e4 Qd7 23. Bb2 e5 24. dxe6 Qxe6 25. Bxg7 Kxg7 26. Qb3 Qxb3 27. Rxb3
Rfc8 28. Ra1 Rc2+ 29. Kf3 Rb6 30. Rba3 Rcc6 31. g4 h6 32. Ke3 Kf6 33. R3a2 Kf7
34. Kd4 Kf6 35. Rh1 h5 36. gxh5 gxh5 37. Rxh5 Rc1 38. Rb2 Rf1 39. f5 Rf3 40.
Rc2 Rf1 41. Rh6+ Kg5 42. Rg6+ Kf4 43. f6 Rb7 44. Ra2 a5 45. Rxa5 d5 46. Rg7 Rb8
47. f7 Rf8 48. Ra6 1-0

[Event "IX American Continental Classical Championship 201"]
[Site "Hotel Pipa AtlÃ¢ntico - Praia da Pipa - Rio Grande"]
[Date "2014.10.20"]
[Round "4"]
[Board "29"]
[White "Alarcon Bahamondes, Roberto"]
[Black "Martinez, Ayelen"]
[Result "1-0"]
[WhiteElo "2276"]
[BlackElo "2120"]
[PlyCount "57"]
[EventDate "2014.10.18"]
[EventRounds "11"]
[EventCountry "BRA"]

1. c4 d6 2. Nc3 g6 3. g3 Bg7 4. Bg2 e5 5. d3 f5 6. e4 Nf6 7. Nge2 O-O 8. exf5
gxf5 9. d4 exd4 10. Nxd4 Qe8+ 11. Nde2 Nc6 12. O-O Ne5 13. b3 Bd7 14. Bxb7 Bc6
15. Bxc6 Qxc6 16. Nd4 Qb7 17. f4 Ne4 18. Nxe4 Qxe4 19. fxe5 Bxe5 20. Rf4 Bxf4
21. Bxf4 a6 22. Nc2 Rfe8 23. Ne3 c6 24. Qh5 Qd4 25. Rd1 Qc5 26. Qg5+ Kh8 27.
Qf6+ Kg8 28. b4 Qa7 29. Qxf5 1-0

[Event "IX American Continental Classical Championship 201"]
[Site "Hotel Pipa AtlÃ¢ntico - Praia da Pipa - Rio Grande"]
[Date "2014.10.20"]
[Round "4"]
[Board "30"]
[White "Sztokbant, Bernardo Vainzoff"]
[Black "Maia, Jose Eduardo Bastos O."]
[Result "1-0"]
[WhiteElo "2271"]
[BlackElo "2118"]
[PlyCount "131"]
[EventDate "2014.10.18"]
[EventRounds "11"]
[EventCountry "BRA"]

1. e4 e5 2. Nf3 Nc6 3. Bb5 a6 4. Ba4 Nf6 5. O-O Be7 6. Re1 b5 7. Bb3 d6 8. c3
O-O 9. h3 Nb8 10. d4 Nbd7 11. Nbd2 Bb7 12. Bc2 Re8 13. Nf1 Bf8 14. Ng3 g6 15.
a4 c5 16. d5 c4 17. Bg5 h6 18. Be3 Nc5 19. Qd2 h5 20. Bg5 Bg7 21. Ra3 Qc7 22.
Rea1 Rab8 23. Bh6 Nh7 24. Bxg7 Kxg7 25. Nh4 Bc8 26. axb5 Rxb5 27. R1a2 Rb6 28.
Nf1 Qe7 29. Nf3 Bd7 30. Ne3 Bb5 31. Ra1 Qf6 32. Re1 Qf4 33. Nf1 Bd7 34. Ra2
Reb8 35. Qxf4 exf4 36. Rb1 Nf6 37. N1d2 Bb5 38. Nd4 Re8 39. f3 Nfd7 40. Bd1 Ne5
41. Be2 Rc8 42. h4 Kf6 43. Kh2 Ncd3 44. g3 Rcb8 45. Rba1 Rc8 46. Bxd3 Nxd3 47.
gxf4 Nxf4 48. Kg3 Nd3 49. Rd1 Nc5 50. f4 Nd7 51. Re1 Re8 52. Raa1 Nc5 53. Re3
Nd7 54. Rae1 Nc5 55. e5+ Kg7 56. N2f3 Nd3 57. R1e2 Ba4 58. e6 Rxb2 59. Ng5 Rxe2
60. Rxe2 fxe6 61. dxe6 Kf6 62. Ne4+ Ke7 63. f5 gxf5 64. Nxf5+ Kxe6 65. Ng7+ Kf7
66. Nxe8 1-0

[Event "IX American Continental Classical Championship 201"]
[Site "Hotel Pipa AtlÃ¢ntico - Praia da Pipa - Rio Grande"]
[Date "2014.10.20"]
[Round "4"]
[Board "31"]
[White "Arango, Andres Mauricio"]
[Black "Brito, Luismar"]
[Result "1/2-1/2"]
[WhiteElo "2111"]
[BlackElo "2261"]
[PlyCount "105"]
[EventDate "2014.10.18"]
[EventRounds "11"]
[EventCountry "BRA"]

1. e4 c5 2. Nc3 Nc6 3. Nge2 g6 4. h4 Nf6 5. d4 cxd4 6. Nxd4 d6 7. f3 Bg7 8. Be3
Bd7 9. Qd2 Rc8 10. g4 Ne5 11. h5 Rg8 12. hxg6 hxg6 13. O-O-O Nc4 14. Bxc4 Rxc4
15. Nde2 Qa5 16. Kb1 Be6 17. b3 Nxe4 18. fxe4 Rxc3 19. Nxc3 Bxc3 20. Qe2 b5 21.
Bc1 b4 22. Rh3 Kd7 23. Bb2 Rc8 24. Rdd3 Bxb2 25. Kxb2 Rc5 26. c4 Rg5 27. Rhg3
Qe5+ 28. Kb1 f5 29. Qe3 f4 30. Qxa7+ Kc8 31. Qa8+ Kd7 32. Qb7+ Kd8 33. Rg1 Bxg4
34. c5 Qxc5 35. Rc1 Bc8 36. Qa8 Rg1 37. Rdd1 Rxd1 38. Rxd1 Qb5 39. Rc1 Qb7 40.
Qa5+ Ke8 41. Rc4 Be6 42. Rxb4 Qc6 43. Qg5 f3 44. Qxg6+ Kd7 45. Rb8 Qc5 46. Rf8
Qc3 47. Qg5 Qd3+ 48. Kb2 Qd4+ 49. Ka3 Qa7+ 50. Kb4 Qd4+ 51. Ka3 Qa7+ 52. Kb2
Qd4+ 53. Ka3 1/2-1/2

[Event "IX American Continental Classical Championship 201"]
[Site "Hotel Pipa AtlÃ¢ntico - Praia da Pipa - Rio Grande"]
[Date "2014.10.20"]
[Round "4"]
[Board "32"]
[White "Feliciano Ebert, Vanessa"]
[Black "Rezende, Guilherme Vilela"]
[Result "1-0"]
[WhiteElo "2252"]
[BlackElo "2110"]
[PlyCount "99"]
[EventDate "2014.10.18"]
[EventRounds "11"]
[EventCountry "BRA"]

1. e4 c5 2. Nf3 d6 3. Bb5+ Nd7 4. d4 cxd4 5. Qxd4 e5 6. Qd3 Ngf6 7. Bg5 a6 8.
Bxd7+ Bxd7 9. Nc3 Rc8 10. O-O Be6 11. Bxf6 Qxf6 12. Nd5 Qd8 13. c4 Be7 14. Rfd1
O-O 15. b3 Rc6 16. a4 f5 17. Nd2 Bg5 18. exf5 Bxf5 19. Ne4 Qe8 20. f3 Qg6 21.
a5 Bh4 22. Rf1 h5 23. Qe2 Bd8 24. Rad1 Rc8 25. b4 Re8 26. Kh1 Kh8 27. Ndc3 Bc7
28. Rd2 Bb8 29. Rfd1 Re6 30. Ng3 Ba7 31. Nxf5 Qxf5 32. Rxd6 Rxd6 33. Rxd6 Bd4
34. Ne4 Qf4 35. Qf1 Qe3 36. c5 Rf8 37. Qd1 Kh7 38. Qb1 Kh8 39. Qd1 Kh7 40. Qb1
Kh8 41. Rd7 Kg8 42. Qd1 h4 43. h3 Rb8 44. Qb1 Rf8 45. Rxb7 Rxf3 46. Ng5 Qxg5
47. gxf3 Qg3 48. Rb8+ Kf7 49. Qf5+ Ke7 50. Rb7+ 1-0

[Event "IX American Continental Classical Championship 201"]
[Site "Hotel Pipa AtlÃ¢ntico - Praia da Pipa - Rio Grande"]
[Date "2014.10.20"]
[Round "4"]
[Board "33"]
[White "Teixeira, Ricardo Da Silva"]
[Black "De Vjunior, Liduino Furtado"]
[Result "1-0"]
[WhiteElo "2220"]
[BlackElo "2106"]
[PlyCount "61"]
[EventDate "2014.10.18"]
[EventRounds "11"]
[EventCountry "BRA"]

1. c4 Nf6 2. Nc3 d5 3. cxd5 Nxd5 4. Nf3 c6 5. e4 Nxc3 6. bxc3 Bg4 7. Bc4 e6 8.
d4 Qa5 9. Qb3 Bxf3 10. gxf3 Nd7 11. Bd2 Qc7 12. a4 Be7 13. Rb1 Rb8 14. Ke2 O-O
15. Rhg1 b5 16. axb5 cxb5 17. Bxb5 a6 18. Qc4 Qxc4+ 19. Bxc4 a5 20. Bb5 Rfd8
21. Bxd7 Rxb1 22. Rxb1 Rxd7 23. Rb8+ Rd8 24. Rxd8+ Bxd8 25. c4 Kf8 26. c5 Ke8
27. Kd3 e5 28. d5 Be7 29. Kc4 a4 30. Bb4 Bh4 31. Kb5 1-0

[Event "IX American Continental Classical Championship 201"]
[Site "Hotel Pipa AtlÃ¢ntico - Praia da Pipa - Rio Grande"]
[Date "2014.10.20"]
[Round "4"]
[Board "34"]
[White "Fernandez, Maria Florencia"]
[Black "Ramos, Angelo Bil"]
[Result "1-0"]
[WhiteElo "2218"]
[BlackElo "2093"]
[PlyCount "71"]
[EventDate "2014.10.18"]
[EventRounds "11"]
[EventCountry "BRA"]

1. d4 Nf6 2. c4 g6 3. f3 d5 4. cxd5 Nxd5 5. e4 Nb6 6. Nc3 Bg7 7. Be3 O-O 8. Qd2
e5 9. d5 c6 10. O-O-O cxd5 11. exd5 N8d7 12. h4 Nf6 13. g4 e4 14. g5 Nh5 15.
Nxe4 Bf5 16. Bd4 Rc8+ 17. Bc3 Nc4 18. Bxc4 Rxc4 19. Ne2 Qb6 20. d6 Rd8 21. Rhf1
Qc6 22. Rfe1 b5 23. Kb1 Bxe4+ 24. fxe4 Qxe4+ 25. Ka1 b4 26. Bxg7 Nxg7 27. Ng3
Qxh4 28. Qd5 Rc2 29. Qa5 Rcc8 30. d7 Rb8 31. Ne4 Ne6 32. Nf6+ Kf8 33. Rh1 Qc4
34. Nxh7+ Ke7 35. Qe5 Qf4 36. Qf6+ 1-0

[Event "IX American Continental Classical Championship 201"]
[Site "Hotel Pipa AtlÃ¢ntico - Praia da Pipa - Rio Grande"]
[Date "2014.10.20"]
[Round "4"]
[Board "35"]
[White "Abdalla, Jose Lucas Aurelli"]
[Black "Cruz, William Ferreira Da"]
[Result "1-0"]
[WhiteElo "2100"]
[BlackElo "2217"]
[PlyCount "133"]
[EventDate "2014.10.18"]
[EventRounds "11"]
[EventCountry "BRA"]

1. e4 e6 2. d3 d5 3. Nd2 Nf6 4. Ngf3 Bc5 5. e5 Nfd7 6. d4 Be7 7. Bd3 c5 8. c3
Nc6 9. Nf1 Qb6 10. Bb1 cxd4 11. cxd4 Bb4+ 12. Ke2 a5 13. Ng3 h5 14. h4 a4 15.
a3 Be7 16. Bc2 Qa6+ 17. Bd3 b5 18. Be3 Qb6 19. b4 Ba6 20. Kf1 Nxb4 21. axb4
Bxb4 22. Ne2 Nb8 23. g3 Nc6 24. Kg2 Be7 25. Ne1 a3 26. Qb3 Na5 27. Qb1 Nc4 28.
Bxc4 dxc4 29. Bd2 b4 30. f3 Rb8 31. Be3 c3 32. Nd3 Qb5 33. Rd1 Rc8 34. Qb3 Qa5
35. Kf2 Bc4 36. Qc2 O-O 37. Nc5 Bxc5 38. dxc5 Bb5 39. Nd4 Ba4 40. Nb3 Qb5 41.
Rd4 Rxc5 42. Rxb4 Qxb4 43. Bxc5 Qxc5+ 44. Nxc5 Bxc2 45. Rxa3 Rd8 46. Rxc3 Rd2+
47. Ke3 Rg2 48. Kf4 Kh7 49. Nd7 Bd1 50. Rd3 Rg1 51. Rc3 Rf1 52. Rd3 Ba4 53. Nb6
Bc6 54. Rc3 Bb7 55. Nc4 Kg6 56. Nd6 Bd5 57. Ne4 f6 58. Ra3 Re1 59. Ra4 Rc1 60.
Nd2 Rc3 61. Rd4 fxe5+ 62. Kxe5 Bxf3 63. Kxe6 Bg4+ 64. Ke5 Rxg3 65. Rd6+ Kh7 66.
Ne4 Kg8 67. Nxg3 1-0

[Event "IX American Continental Classical Championship 201"]
[Site "Hotel Pipa AtlÃ¢ntico - Praia da Pipa - Rio Grande"]
[Date "2014.10.20"]
[Round "4"]
[Board "36"]
[White "De Lima, Carlos Alexandre"]
[Black "Mesias Rojas, Rabindranath"]
[Result "0-1"]
[WhiteElo "2094"]
[BlackElo "2209"]
[PlyCount "106"]
[EventDate "2014.10.18"]
[EventRounds "11"]
[EventCountry "BRA"]

1. e4 c5 2. Nf3 d6 3. d4 cxd4 4. Nxd4 Nf6 5. Nc3 g6 6. Be3 Bg7 7. Be2 O-O 8.
Qd2 Nc6 9. O-O-O d5 10. Kb1 Nxd4 11. Bxd4 dxe4 12. Qe3 Qa5 13. Nxe4 Be6 14. a3
Rfc8 15. Nxf6+ exf6 16. Bf3 Qc7 17. Rd2 Qc4 18. b3 Qc7 19. g4 a5 20. a4 f5 21.
Bxg7 Kxg7 22. gxf5 Bxf5 23. Be4 Bxe4 24. Qxe4 Re8 25. Qg4 Rad8 26. Rxd8 Rxd8
27. h4 h5 28. Qe2 Qc5 29. f4 Rd4 30. Rf1 Qf5 31. Qf3 Rb4 32. Qg3 Kh7 33. Qe3 b5
34. axb5 a4 35. Kb2 axb3 36. cxb3 Re4 37. Qd3 Qf6+ 38. Kb1 Qf5 39. Rf3 Re1+ 40.
Kc2 Qc5+ 41. Qc3 Qg1 42. Kd3 Rc1 43. Qf6 Qd1+ 44. Ke3 Qxb3+ 45. Kf2 Qc2+ 46.
Ke3 Re1+ 47. Kd4 Re4+ 48. Kd5 Qc4+ 49. Kd6 Rd4+ 50. Ke7 Qc7+ 51. Ke8 Re4+ 52.
Kf8 Qc8+ 53. Kxf7 Qg8# 0-1